| 000 | 00314 a2200133 4500 | ||
|---|---|---|---|
| 999 |
_c324316 _d324316 |
||
| 001 | 89243 | ||
| 003 | NUST | ||
| 082 | _a954.9143 SHA | ||
| 100 |
_aShafeeq Ur Rehman _99652 |
||
| 245 | _aShagoofey | ||
| 260 |
_aLahore _bSang-e-meel Publications _c2011 |
||
| 300 | _a184p. | ||
| 500 | _aGeneral Books | ||
| 942 |
_aCAE NUST _cBK _k954.9143 SHA _2ddc |
||